| 000 | 00708nam a2200193Ia 4500 | ||
|---|---|---|---|
| 003 | GCL | ||
| 008 | 140319s9999 xx 000 0 ara d | ||
| 020 | _a8869270977 | ||
| 040 |
_aGCL / _cGCL |
||
| 082 | 0 | 4 |
_a384.554 _bم ف |
| 245 | 1 | 0 |
_aالفضائيات العربية ومتغيرات العصر : _bاعمال المؤتمر العلمى الاول للاكاديمية الدولية لعلوم الاعلام |
| 250 | _aالاولى | ||
| 260 |
_aالقاهرة : _bالدار المصرية اللبنانية ، _c2005 |
||
| 300 |
_a751 ص ؛ _c24 سم |
||
| 650 | 0 | 4 | _aالاعلام الدولى |
| 650 | 0 | 4 | _aالاعلانات |
| 650 | 0 | 4 | _aالقنوات الفضائية |
| 942 |
_2ddc _cBK |
||
| 999 |
_c8025 _d8025 |
||